[Event "SVK-chT3B2 1112"]
[Site "Slovakia"]
[Date "2012.01.08"]
[Round "5.5"]
[White "Zernovic, Michal"]
[Black "Sykora, Peter"]
[Result "0-1"]
[WhiteElo "1861"]
[BlackElo "1955"]
[PlyCount "38"]
[EventDate "2011.10.23"]
[EventType "team-tourn"]
[EventRounds "9"]
[EventCountry "SVK"]
[SourceTitle "EXT 2013"]
[Source "ChessBase"]
[SourceDate "2012.11.22"]
[SourceVersion "1"]
[SourceVersionDate "2012.11.22"]
[SourceQuality "1"]
[WhiteTeam "Povazske Podhradie SK"]
[BlackTeam "Povazska Bystrica Sparta II"]
[WhiteTeamCountry "SVK"]
[BlackTeamCountry "SVK"]

1. e4 e5 2. f4 exf4 3. Nf3 g5 4. h4 g4 5. Nd4 h5 6. Bc4 Bc5 7. Nf5 Ne7 8. d4 Nxf5 9. dxc5 Ne3 10. Bxe3 fxe3 11. Qd5 Qe7 12. 0-0 Rf8 13. Qxh5 d5 14. Qxd5 c6 15. Qh5 Nd7 16. Nc3 Ne5 17. Bb3 Qxc5 18. Bxf7+ Rxf7 19. Rxf7 Nf3+ 0-1

[Event "SVK-ch Seniors-A"]
[Site "Tatranske Matliare"]
[Date "2009.??.??"]
[Round "2"]
[White "Ludwig, Anton"]
[Black "Sykora, Peter"]
[Result "0-1"]
[WhiteElo "1677"]
[BlackElo "1980"]
[PlyCount "56"]
[EventDate "2009.05.31"]
[EventType "swiss"]
[EventRounds "9"]
[EventCountry "SVK"]
[SourceTitle "EXT 2023"]
[Source "ChessBase"]
[SourceDate "2022.10.05"]
[SourceVersion "1"]
[SourceVersionDate "2022.10.05"]
[SourceQuality "1"]

1. d4 d5 2. c4 e6 3. Nf3 Nf6 4. Bg5 Be7 5. e3 0-0 6. Bd3 a6 7. c5 Nc6 8. a3 Nd7 9. Bxe7 Qxe7 10. b4 e5 11. dxe5 Ndxe5 12. 0-0 Nxf3+ 13. Qxf3 Ne5 14. Qe2 Qf6 15. Nd2 Bd7 16. Nb3 Nxd3 17. Qxd3 Bb5 18. Qxd5 c6 19. Qd7 Bxf1 20. Rxf1 Rab8 21. Nd4 Rfd8 22. Qg4 Rd5 23. Qg3 Re8 24. Qc7 Qe7 25. Qxe7 Rxe7 26. Rd1 f5 27. g3 g5 28. Re1 Rxd4 0-1

[Event "SVK-ch Seniors-A"]
[Site "Tatranske Matliare"]
[Date "2009.??.??"]
[Round "4"]
[White "Ruckschloss, Karol"]
[Black "Sykora, Peter"]
[Result "1-0"]
[WhiteElo "2253"]
[BlackElo "1980"]
[PlyCount "119"]
[EventDate "2009.05.31"]
[EventType "swiss"]
[EventRounds "9"]
[EventCountry "SVK"]
[SourceTitle "EXT 2023"]
[Source "ChessBase"]
[SourceDate "2022.10.05"]
[SourceVersion "1"]
[SourceVersionDate "2022.10.05"]
[SourceQuality "1"]

1. c4 c5 2. Nc3 Nc6 3. g3 Nf6 4. Bg2 g6 5. e3 Bg7 6. d4 cxd4 7. exd4 0-0 8. Nge2 d6 9. 0-0 e6 10. a3 a6 11. b4 Qc7 12. Qb3 Bd7 13. Bb2 Rac8 14. Rfc1 Qb8 15. Nd1 Ne7 16. a4 Bc6 17. b5 Bxg2 18. Kxg2 b6 19. bxa6 Qa8+ 20. f3 Qxa6 21. Qb5 Ra8 22. Nf4 Rfd8 23. Nd3 Ne8 24. Nb4 Qa7 25. Nd3 Nc7 26. Qb3 Nf5 27. Nb4 Ne7 28. Nc3 Qb7 29. Nb5 Nxb5 30. cxb5 Rac8 31. Qd3 Rxc1 32. Rxc1 Rc8 33. Rxc8+ Qxc8 34. Qc3 Qxc3 35. Bxc3 Nc8 36. Nc6 Kf8 37. a5 bxa5 38. Bxa5 Ne7 39. Nxe7 Kxe7 40. b6 Bxd4 41. b7 Ba7 42. Bc7 Kd7 43. b8Q Bxb8 44. Bxb8 e5 45. Kf2 Ke6 46. Ke3 g5 47. g4 d5 48. Bc7 f5 49. Bd8 h6 50. h3 e4 51. f4 d4+ 52. Kxd4 gxf4 53. Bh4 f3 54. Ke3 Ke5 55. Bg3+ Kf6 56. Kf4 fxg4 57. hxg4 Kg6 58. Bh4 h5 59. g5 f2 60. Bxf2 1-0

[Event "SVK-ch Seniors-A"]
[Site "Tatranske Matliare"]
[Date "2009.??.??"]
[Round "1"]
[White "Sykora, Peter"]
[Black "Zalcik, Vaclav"]
[Result "1/2-1/2"]
[WhiteElo "1980"]
[BlackElo "1760"]
[PlyCount "62"]
[EventDate "2009.05.31"]
[EventType "swiss"]
[EventRounds "9"]
[EventCountry "SVK"]
[SourceTitle "EXT 2023"]
[Source "ChessBase"]
[SourceDate "2022.10.05"]
[SourceVersion "1"]
[SourceVersionDate "2022.10.05"]
[SourceQuality "1"]

1. e4 e5 2. Nf3 Nc6 3. Bc4 Bc5 4. c3 d6 5. h3 Nf6 6. d3 h6 7. 0-0 Be6 8. Re1 Bxc4 9. dxc4 0-0 10. a4 a5 11. Nbd2 Rb8 12. Nf1 Ne7 13. Ng3 Qd7 14. Be3 b6 15. Qd2 Bxe3 16. Rxe3 Qe6 17. b3 Ng6 18. Kh2 Nf4 19. Qc2 Kh7 20. Ng1 Rg8 21. N3e2 g5 22. g3 Ng6 23. Rf1 Nh5 24. Qd1 Rbf8 25. Rf3 Nf6 26. Re3 Nh5 27. Nc1 Nf6 28. Nd3 g4 29. h4 Nh5 30. f3 f5 31. fxg4 fxg4 1/2-1/2

[Event "SVK-chT2B 0607"]
[Site "Slovakia"]
[Date "2007.03.17"]
[Round "10.6"]
[White "Zahorsky, Robert"]
[Black "Sykora, Peter"]
[Result "0-1"]
[WhiteElo "1952"]
[BlackElo "1753"]
[PlyCount "120"]
[EventDate "2006.10.14"]
[EventType "team-tourn"]
[EventRounds "11"]
[EventCountry "SVK"]
[SourceTitle "EXT 2008"]
[Source "ChessBase"]
[SourceDate "2007.11.25"]
[SourceVersion "1"]
[SourceVersionDate "2007.11.25"]
[SourceQuality "1"]
[WhiteTeam "Tlmace"]
[BlackTeam "Povazska Bystrica"]
[WhiteTeamCountry "SVK"]
[BlackTeamCountry "SVK"]

1. d4 Nf6 2. c4 e6 3. Nc3 d5 4. Bg5 Be7 5. e3 c6 6. Nf3 Nbd7 7. Rc1 0-0 8. Bd3 dxc4 9. Bxc4 Nd5 10. Bxe7 Qxe7 11. 0-0 Nxc3 12. bxc3 e5 13. Qc2 e4 14. Nd2 Nf6 15. Qb2 Bg4 16. Qb4 Rae8 17. Qxe7 Rxe7 18. Bb3 Bf5 19. c4 Rd8 20. c5 Be6 21. Bxe6 Rxe6 22. Rb1 Rb8 23. Nc4 Nd5 24. Rb3 b5 25. cxb6 axb6 26. Rfb1 b5 27. a4 Rf8 28. axb5 cxb5 29. Na3 b4 30. Nc2 Rb6 31. g3 Rc8 32. R1b2 h6 33. h4 Kf8 34. Kg2 h5 35. Kh3 f5 36. Kg2 Rc4 37. Kh2 Kf7 38. Kg2 Kf6 39. Kh3 g6 40. Kh2 Ke6 41. Kh3 Kd6 42. Kh2 Kc6 43. Kh3 Rb5 44. Kh2 Rb6 45. Kh3 Kd6 46. Kh2 Rc3 47. Rxc3 bxc3 48. Rxb6+ Nxb6 49. Nb4 Nc4 50. Kg2 Nd2 51. Na2 c2 52. Nc1 Kd5 53. g4 hxg4 54. Kg3 Nf3 55. Kf4 Nxh4 56. Kg5 Ng2 57. Kxg6 Nxe3 58. Kg5 Kxd4 59. Kf4 Nd1 60. Kxf5 Nxf2 0-1

[Event "SVK-chT2B 0607"]
[Site "Slovakia"]
[Date "2007.02.04"]
[Round "9.2"]
[White "Hudec, Pavol"]
[Black "Sykora, Peter"]
[Result "0-1"]
[WhiteElo "1465"]
[BlackElo "1753"]
[PlyCount "56"]
[EventDate "2006.10.14"]
[EventType "team-tourn"]
[EventRounds "11"]
[EventCountry "SVK"]
[SourceTitle "EXT 2008"]
[Source "ChessBase"]
[SourceDate "2007.11.25"]
[SourceVersion "1"]
[SourceVersionDate "2007.11.25"]
[SourceQuality "1"]
[WhiteTeam "Topolcianky"]
[BlackTeam "Povazska Bystrica"]
[WhiteTeamCountry "SVK"]
[BlackTeamCountry "SVK"]

1. e4 e6 2. Nf3 d5 3. Bd3 dxe4 4. Bxe4 Nf6 5. Nc3 Nxe4 6. Nxe4 Be7 7. d3 h6 8. b3 Nd7 9. Bb2 Nf6 10. h3 Nxe4 11. dxe4 0-0 12. 0-0 b6 13. Ne5 Qxd1 14. Raxd1 Bb7 15. Rfe1 Rfd8 16. f3 Bb4 17. c3 Bc5+ 18. Kf1 Bd6 19. Nd3 a5 20. a3 Ba6 21. c4 a4 22. e5 Be7 23. Re4 axb3 24. Ke1 Bb7 25. Rd4 Rxd4 26. Bxd4 Ba6 27. Nb4 Bxc4 28. Bb2 Bh4+ 0-1

[Event "SVK-chT2B 0607"]
[Site "Slovakia"]
[Date "2006.11.26"]
[Round "4.6"]
[White "Grilus, Marian"]
[Black "Sykora, Peter"]
[Result "1/2-1/2"]
[WhiteElo "1833"]
[BlackElo "1753"]
[PlyCount "87"]
[EventDate "2006.10.14"]
[EventType "team-tourn"]
[EventRounds "11"]
[EventCountry "SVK"]
[SourceTitle "EXT 2008"]
[Source "ChessBase"]
[SourceDate "2007.11.25"]
[SourceVersion "1"]
[SourceVersionDate "2007.11.25"]
[SourceQuality "1"]
[WhiteTeam "Nove Zamky II"]
[BlackTeam "Povazska Bystrica"]
[WhiteTeamCountry "SVK"]
[BlackTeamCountry "SVK"]

1. d4 Nf6 2. c4 g6 3. Nc3 d5 4. cxd5 Nxd5 5. e4 Nxc3 6. bxc3 Bg7 7. h3 0-0 8. Nf3 c5 9. Be3 Qa5 10. Qd2 Rd8 11. Rd1 Nc6 12. Bc4 e6 13. 0-0 b5 14. Be2 cxd4 15. cxd4 Qxd2 16. Rxd2 a6 17. Rfd1 Bb7 18. d5 exd5 19. exd5 Ne5 20. Nxe5 Bxe5 21. d6 Rd7 22. f4 Bg7 23. Rc1 Rad8 24. Rcd1 Bf8 25. Bc5 Rc8 26. Bb4 Bh6 27. g3 Bg7 28. Re1 f5 29. Bd1 Bc3 30. Bxc3 Rxc3 31. Re7 Bc6 32. Rxd7 Bxd7 33. Kf2 Rc8 34. Bb3+ Kf8 35. Ke3 a5 36. Bd5 Ke8 37. Kd4 Kd8 38. Re2 Rc1 39. Re7 Rd1+ 40. Ke5 Re1+ 41. Kf6 Rd1 42. Ke5 Re1+ 43. Kf6 Rd1 44. Ke5 1/2-1/2

[Event "SVK-chT2B 0506"]
[Site "Slovakia"]
[Date "2006.03.11"]
[Round "10.8"]
[White "Frajka, Peter"]
[Black "Sykora, Peter"]
[Result "1-0"]
[WhiteElo "1811"]
[BlackElo "1350"]
[PlyCount "79"]
[EventDate "2005.10.22"]
[EventType "tourn"]
[EventRounds "11"]
[EventCountry "SVK"]
[SourceTitle "EXT 2008"]
[Source "ChessBase"]
[SourceDate "2007.11.25"]
[SourceVersion "1"]
[SourceVersionDate "2007.11.25"]
[SourceQuality "1"]

1. d4 d5 2. c4 c6 3. Nc3 Nf6 4. e3 e6 5. Nf3 Be7 6. Bd3 0-0 7. 0-0 b6 8. Bd2 Bb7 9. Rc1 Nbd7 10. cxd5 cxd5 11. Nb5 Ne8 12. Qb3 a6 13. Nc3 b5 14. Ne2 Nd6 15. a4 Nc4 16. axb5 axb5 17. Nc3 Bc6 18. Ra1 Qb6 19. Qc2 g6 20. b3 Na3 21. Qd1 Rfc8 22. Qe2 b4 23. Na2 Ra7 24. Rfc1 Rac7 25. Qe1 Bb5 26. Rxc7 Rxc7 27. Nxb4 Bxb4 28. Bxb4 Bxd3 29. Rxa3 Kg7 30. Ba5 Qa6 31. b4 Rc2 32. Rc3 Rb2 33. h3 Bc4 34. Kh2 Nf6 35. Nd2 Qd6+ 36. g3 Nh5 37. Qc1 Ra2 38. Qe1 Qb8 39. f4 Nf6 40. Qc1 1-0

[Event "SVK-chT2B 0506"]
[Site "Slovakia"]
[Date "2005.10.23"]
[Round "2.8"]
[White "Joba, Pavol"]
[Black "Sykora, Peter"]
[Result "0-1"]
[WhiteElo "2022"]
[BlackElo "1350"]
[PlyCount "62"]
[EventDate "2005.10.22"]
[EventType "tourn"]
[EventRounds "11"]
[EventCountry "SVK"]
[SourceTitle "EXT 2008"]
[Source "ChessBase"]
[SourceDate "2007.11.25"]
[SourceVersion "1"]
[SourceVersionDate "2007.11.25"]
[SourceQuality "1"]

1. e4 c6 2. d4 d5 3. e5 Bf5 4. Bd3 Bxd3 5. Qxd3 e6 6. Nf3 c5 7. c3 Qb6 8. 0-0 Nc6 9. b3 cxd4 10. cxd4 Nge7 11. Nc3 Nb4 12. Qb5+ Nec6 13. a4 Rc8 14. Qxb6 axb6 15. Nb5 f6 16. exf6 gxf6 17. Bf4 Kd7 18. Rfd1 Be7 19. Rd2 Na5 20. Rdd1 Nxb3 21. Rab1 Na5 22. Bd2 Nbc6 23. Bxa5 bxa5 24. Ne1 Nb4 25. Nd3 Rc4 26. g3 Nxd3 27. Rxd3 Rxa4 28. Na7 Rb4 29. Rxb4 axb4 30. Re3 Ra8 31. Nb5 Ra5 0-1